Chemical and Process Thermodynamics / (Record no. 563963)

000 -LEADER
fixed length control field 00385nam a2200145Ia 4500
008 - FIXED-LENGTH DATA ELEMENTS--GENERAL INFORMATION
fixed length control field 210430s9999 xx 000 0 und d
020 ## - INTERNATIONAL STANDARD BOOK NUMBER
International Standard Book Number 978-81-203-2512-8
082 ## - DEWEY DECIMAL CLASSIFICATION NUMBER
Classification number 541.3 K993 C
100 ## - MAIN ENTRY--PERSONAL NAME
Personal name B.G.Kyle
9 (RLIN) 10674
245 ## - TITLE STATEMENT
Title Chemical and Process Thermodynamics /
Statement of responsibility, etc. B.G.Kyle
250 ## - EDITION STATEMENT
Edition statement 3rd edition
260 ## - PUBLICATION, DISTRIBUTION, ETC.
Place of publication, distribution, etc. India
Name of publisher, distributor, etc. Asoke K.Ghosh
Date of publication, distribution, etc. 1999
300 ## - PHYSICAL DESCRIPTION
Extent 760p
942 ## - ADDED ENTRY ELEMENTS (KOHA)
Koha item type Book
Source of classification or shelving scheme
Holdings
Withdrawn status Lost status Source of classification or shelving scheme Damaged status Not for loan Permanent Location Current Location Shelving location Date acquired Full call number Barcode Date last seen Price effective from Koha item type
          School of Chemical & Materials Engineering (SCME) School of Chemical & Materials Engineering (SCME) General Stacks   660.2969K993 C SCME-3142 04/30/2021 04/30/2021 Book
© 2023 Central Library, National University of Sciences and Technology. All Rights Reserved.